| 000 | 01326nam a22003617a 4500 | ||
|---|---|---|---|
| 003 | CHAP | ||
| 005 | 20220817041408.0 | ||
| 008 | 971013s1981 r 00010 d | ||
| 010 | _a13230 | ||
| 011 | _a14202 | ||
| 035 | _a18275 | ||
| 040 | _cCHAP | ||
| 090 | _aTesis | ||
| 100 | 0 | 0 |
_aGómez González, Samuel. _949724 |
| 245 | _aEvaluación sobre el rendimiento y calidad de fruto de 5 fungicidas y 2 espaciamientos entre plantas en la incidencia de los tizones temprano y tardío del tomate (Lycopersicon esculentum Mill) en la regiónde Marín, N.L. | ||
| 260 |
_aMonterrey, N.L., _c1981 |
||
| 300 | _a70 h. | ||
| 502 | _aTesis (Ing. Agrónomo) -- Univ. Autónoma de Nuevo León. Fac. de Agronomía | ||
| 590 |
_aALEPH _b10 _c20130110 _lUCH01 _h1232 |
||
| 590 |
_aBATCH-UPD _b10 _c20130110 _lUCH01 _h0129 |
||
| 590 |
_aBATCH-UPD _b10 _c20130110 _lUCH01 _h1118 |
||
| 590 |
_aBATCH-UPD _b10 _c20130409 _lUCH01 _h2124 |
||
| 590 |
_aBATCH-UPD _b10 _c20130914 _lUCH01 _h0302 |
||
| 590 |
_aCONVERSION _b10 _c20130109 _lUCH01 _h1309 |
||
| 650 | 1 | 4 | _aAlternaria solani. |
| 650 | 1 | 4 |
_aPhytophthora infestans. _987925 |
| 650 | 1 | 4 |
_aTomate _xEspaciamiento. _9113716 |
| 650 | 1 | 4 |
_aTomate _xFungicidas. _9113725 |
| 650 | 1 | 4 |
_aTomate _xRendimiento. _9113761 |
| 901 | _aBK | ||
| 942 | _cTESIS | ||
| 949 |
_bBC _cTES _d-42671 _eTS1 _i18275 _si |
||
| 999 |
_c13230 _d13230 |
||